000 00157nam a22000857a 4500
082 _a823
100 _aGREATHEAD, HELEN
245 _aHOW TO BE LIVER
942 _cBK
999 _c8117
_d8117